Word Scramble: Rock 'n' Roll - Statistics

General Stats
  • This quiz has been taken 107 times
  • The average score is 12 of 15
Answer Stats
Hint Answer % Correct
Ueqen Queen
96%
Snug N Ssroe Guns N Roses
92%
Eld Pelinpze Led Zeppelin
92%
Nbo Jiov Bon Jovi
91%
Emtlalcia Metallica
87%
Knip Ydofl Pink Floyd
84%
Het Lseabte The Beatles
84%
Eltowodef Amc Fleetwood Mac
83%
Omt Etytp Nda The Ertabeakrhres Tom Petty and the Heartbreakers
83%
Nav Lenah Van Halen
82%
Vddai Owbei David Bowie
79%
Eth Oigrnll Snoets The Rolling Stones
75%
Crube Gripstenesn Bruce Springsteen
74%
Het Glaees The Eagles
70%
Osithmera Aerosmith
43%
No matching quizzes found
Score Distribution
Percent of People with Each Score
Percentile by Number Answered
Your Score History
You have not taken this quiz